| 000 | 01292nam0a2200313 4500 | ||
|---|---|---|---|
| 001 | RU\NLR\bibl\581478 | ||
| 005 | 20250610135723.0 | ||
| 010 |
_a5-235-02666-7 _92000 |
||
| 021 |
_aRU _b2004-62022 _93048 |
||
| 035 | _a(NLR Aleph) 000573476 | ||
| 090 |
_a1607299 _c1607299 |
||
| 100 | _a20041207d2004 |||y0rusy50 ca | ||
| 101 | 1 |
_arus _cfre |
|
| 102 | _aRU | ||
| 105 | _aa ||||||||| | ||
| 200 | 1 |
_aЛукреция Борджа _fЖеневьева Шастенэ _g[Пер. с фр. Н.Б. Кардановой] |
|
| 210 |
_aМ. _cМолодая гвардия _d2004 |
||
| 215 |
_a317,[3] с., [8] л. ил., портр. _d21 |
||
| 225 | 1 |
_aЖизнь замечательных людей _eСер. биографий _fОснована в 1890 г. Ф. Павленковым и продолжена в 1933 г. М. Горьким _vВып. 1104 (904) |
|
| 320 | _aБиблиогр. в тексте прим. | ||
| 600 | 1 |
_aБорджа _bЛ. _gЛукреция _f1480-1519 _2psbo |
|
| 600 | 1 |
_aБорджиа _bЛ. _f1480 - 1519 _gЛукреция _92314463 _3RU\NLR\auth\661384992 |
|
| 686 | _aТ3(4Ит)422-8 | ||
| 700 | 1 |
_aШастенэ _bЖ. _gЖеневьева _4070 |
|
| 801 | 0 |
_aRU _bNLR _c20041207 _gPSBO |
|
| 801 | 1 |
_aRU _bNLR _c20041207 |
|
| 942 | _cBOOK | ||
| 980 | _aNB | ||